书目信息 |
| 题名: |
印度之路
|
|
| 作者: | 赵鸣歧 著 | |
| 分册: | ||
| 出版信息: | 上海 学林出版社 2005.08 |
|
| 页数: | 303页 | |
| 开本: | 21cm | |
| 丛书名: | ||
| 单 册: | ||
| 中图分类: | F435.1 | |
| 科图分类: | ||
| 主题词: | 工业现代化--gong ye xian dai hua--研究--印度 | |
| 电子资源: | ||
| ISBN: | 7-80668-928-1 | |
| 000 | 00880nam0 2200241 450 | |
| 001 | 012006328635 | |
| 005 | 20070528155331.67 | |
| 010 | @a7-80668-928-1@dCNY22.00 | |
| 100 | @a20061230d2005 km y0chiy0120 ea | |
| 101 | 0 | @achi |
| 102 | @aCN@b310000 | |
| 105 | @aa a 000yy | |
| 200 | 1 | @a印度之路@Ayin du zhi lu@e印度工业现代化道路探析@f赵鸣歧著@Fzhao ming qi zhu |
| 210 | @a上海@c学林出版社@d2005.08 | |
| 215 | @a303页@c图@d21cm | |
| 320 | @a有书目。 | |
| 330 | @a本书包括:印度工业化的发轫:起源与结构、印度工业化的战略:形成与变迁、印度工业化的体制:类型与特征、印度工业化的绩效:成就与问题等共五章内容。 | |
| 517 | 1 | @a印度工业现代化道路探析@Ayin du gong ye xian dai hua dao lu tan xi |
| 606 | 0 | @a工业现代化@Agong ye xian dai hua@x研究@y印度 |
| 690 | @aF435.1@v4 | |
| 701 | 0 | @a赵鸣歧@Azhao ming qi@4著 |
| 801 | 0 | @aCN@c20070528 |
| 905 | @b233143-45@dF435.1@eZ315 | |
| 印度之路:印度工业现代化道路探析/赵鸣歧著.-上海:学林出版社,2005.08 |
| 303页:图;21cm |
| ISBN 7-80668-928-1:CNY22.00 |
| 本书包括:印度工业化的发轫:起源与结构、印度工业化的战略:形成与变迁、印度工业化的体制:类型与特征、印度工业化的绩效:成就与问题等共五章内容。 |
| ● |
| 相关链接 |
|
|
|
正题名:印度之路
索取号:F435.1/Z315
 
预约/预借
| 序号 | 登录号 | 条形码 | 馆藏地/架位号 | 状态 | 备注 |
| 1 | 233143 | 202331431 | 社科库409/409社科库 37排2列5层/ [索取号:F435.1/Z315] | 在馆 | |
| 2 | 233144 | 202331440 | 社科二线422/409社科库 37排2列4层/ [索取号:F435.1/Z315] | 在馆 | |
| 3 | 233145 | 202331459 | 社科库409/409社科库 37排2列5层/ [索取号:F435.1/Z315] | 在馆 |